000 00535ntaaa2200193 4500
003 01
005 20251027200801.0
008 0714s1973 ag 01
040 _aAR-BaBN
_bspa
_cAR-BaBN
_eaacr
_dRIC
082 _a784.624 G22
100 _aGattinoni, Nélida F.
_94147
245 _aNiños en movimiento a través de la letra y la música. Cuaderno Nº 1 /
_cNélida F. Gattinoni
250 _a1 ed.
260 _aBuenos Aires :
_bLas Auroras,
_c1961
300 _a15 p
650 _aMusica
650 _aMúsica-Niños
942 _cBK
999 _c2041
_d2041